Construction materials (Record no. 3506)

000 -LEADER
fixed length control field 00497nam a22002057a 4500
001 - CONTROL NUMBER
control field 3506
003 - CONTROL NUMBER IDENTIFIER
control field BD-DhUET
008 - FIXED-LENGTH DATA ELEMENTS--GENERAL INFORMATION
fixed length control field 0
020 ## - INTERNATIONAL STANDARD BOOK NUMBER
International Standard Book Number 0419154701
040 ## - CATALOGING SOURCE
Transcribing agency 0
Modifying agency BD-DhUET
082 ## - DEWEY DECIMAL CLASSIFICATION NUMBER
Classification number 620.136
Item number ILL/1994
100 ## - MAIN ENTRY--PERSONAL NAME
Personal name Illston, J. M.
245 ## - TITLE STATEMENT
Title Construction materials
Remainder of title their nature and behavior
250 ## - EDITION STATEMENT
Edition statement 1st ed.
260 ## - PUBLICATION, DISTRIBUTION, ETC. (IMPRINT)
Place of publication, distribution, etc. London
Name of publisher, distributor, etc. E & FN Spon
Date of publication, distribution, etc. 1994
300 ## - PHYSICAL DESCRIPTION
Extent xxiii, 517 p.
Other physical details ill.
Dimensions 20 cm.
504 ## - BIBLIOGRAPHY, ETC. NOTE
Bibliography, etc Includes bibliographies
650 #0 - SUBJECT ADDED ENTRY--TOPICAL TERM
Topical term or geographic name as entry element Concrete-Engineering
942 ## - ADDED ENTRY ELEMENTS (KOHA)
Koha item type General Book
Holdings
Koha date last seen Copy number Shelving location Koha date last borrowed Koha normalized classification for sorting Lost status Koha renewals Price effective from Koha full call number Damaged status Source of classification or shelving scheme Not for loan Location (home branch) Koha issues (times borrowed) Withdrawn status Koha item type Piece designation (barcode) Sublocation or collection (holding branch) Date acquired
2021-06-301Circulation section2015-03-04620_136000000000000_ILL_1994  2014-11-01620.136/ILL/1994   Central Library, BUET1 General Book92490Central Library, BUET2014-11-01
2014-11-012Circulation section 620_136000000000000_ILL_1994  2014-11-01620.136/ILL/1994   Central Library, BUET  General Book92503Central Library, BUET2014-11-01
2021-08-283Circulation section2021-08-28620_136000000000000_ILL_1994  2014-11-01620.136/ILL/1994   Central Library, BUET1 General Book92499Central Library, BUET2014-11-01
2016-03-124Circulation section 620_136000000000000_ILL_1994 22014-11-01620.136/ILL/1994   Central Library, BUET  General Book92494Central Library, BUET2014-11-01
2014-11-015Circulation section 620_136000000000000_ILL_1994  2014-11-01620.136/ILL/1994   Central Library, BUET  General Book92501Central Library, BUET2014-11-01
2024-09-146Circulation section2024-09-07620_136000000000000_ILL_1994  2014-11-01620.136/ILL/1994   Central Library, BUET1 General Book92486Central Library, BUET2014-11-01
2015-06-147Reading section 620_136000000000000_ILL_1994  2015-06-14620.136/ILL/1994   Central Library, BUET  Reading Item92484Central Library, BUET2015-06-14